Kluby Betclic 3 Liga Grupa 3 - Sezon 25/26 - Statystyki

Ogólne statystyki
  • Ten quiz został rozwiązany 8 razy
  • Średni wynik to 8 z 18
Statystyki odpowiedzi
Nazwa klubu % Poprawnych
Lechia Zielona Góra
71%
Górnik Polkowice
57%
Górnik Zabrze II
57%
KS Goczałkowice Zdrój
57%
Miedź Legnica II
57%
Sparta Katowice
57%
Carina Gubin
43%
Karkonosze Jelenia Góra
43%
MKS Kluczbork
43%
Polonia Nysa
43%
Ślęza Wrocław
43%
Warta Gorzów Wielkopolski
43%
Zagłębie Lubin II
43%
LZS Starowice Dolne
29%
Pniówek-74 Pawłowice
29%
Skra Częstochowa
29%
Słowianin Wolibórz
29%
Stal Jasień
29%
Nie znaleziono quizów pasujących do podanych kryteriów
Rozkład punktacji
Procent ludzi z każdym wynikiem
Percentyl według liczby udzielonych odpowiedzi
Twoja historia wyników
Nie rozwiązałeś tego quizu